<?xml version="1.0" encoding="UTF-8"?><?xml-stylesheet type="text/xsl" href="static/style.xsl"?><OAI-PMH xmlns="http://www.openarchives.org/OAI/2.0/" xmlns:xsi="http://www.w3.org/2001/XMLSchema-instance" xsi:schemaLocation="http://www.openarchives.org/OAI/2.0/ http://www.openarchives.org/OAI/2.0/OAI-PMH.xsd"><responseDate>2026-04-27T20:18:13Z</responseDate><request verb="GetRecord" identifier="oai:uvadoc.uva.es:10324/24643" metadataPrefix="marc">https://uvadoc.uva.es/oai/request</request><GetRecord><record><header><identifier>oai:uvadoc.uva.es:10324/24643</identifier><datestamp>2021-06-23T11:32:03Z</datestamp><setSpec>com_10324_1175</setSpec><setSpec>com_10324_931</setSpec><setSpec>com_10324_894</setSpec><setSpec>col_10324_1355</setSpec></header><metadata><record xmlns="http://www.loc.gov/MARC21/slim" xmlns:doc="http://www.lyncode.com/xoai" xmlns:xsi="http://www.w3.org/2001/XMLSchema-instance" xmlns:dcterms="http://purl.org/dc/terms/" xsi:schemaLocation="http://www.loc.gov/MARC21/slim http://www.loc.gov/standards/marcxml/schema/MARC21slim.xsd">
<leader>00925njm 22002777a 4500</leader>
<datafield tag="042" ind1=" " ind2=" ">
<subfield code="a">dc</subfield>
</datafield>
<datafield tag="720" ind1=" " ind2=" ">
<subfield code="a">Blasco Pascual, Francisco Javier</subfield>
<subfield code="e">author</subfield>
</datafield>
<datafield tag="260" ind1=" " ind2=" ">
<subfield code="c">2008</subfield>
</datafield>
<datafield tag="520" ind1=" " ind2=" ">
<subfield code="a">Edición de del texto satírico "El Sueño del Bosco": el “Sueño del Bosco” es una sátira que se inscribe en una rica tradición barroca (Cfr. Jesús Gascón Pérez ed.,  La rebelión de las palabras: sátiras y oposición política en Aragón 1590-1626, Zaragoza: Prensas Universitarias de Zaragoza, 2003) y que, en tiempos de Carlos II, hizo copiosa cosecha adquiriendo un papel político de primera importancia (Carlos Gómez-Centurión Jiménez –en “La sátira política durante el reinado de Carlos II”, Cuadernos de historia Moderna y Contemporónea,  4, 1983– registra 91 mss. para este momento, remitiendo más concretamente a los mss. 17.534-35, 18.206 al 18.212 y 18216 de la BNE).</subfield>
</datafield>
<datafield tag="024" ind2=" " ind1="8">
<subfield code="a">Antaria, 2008, 4,</subfield>
</datafield>
<datafield tag="024" ind2=" " ind1="8">
<subfield code="a">1885-1428</subfield>
</datafield>
<datafield tag="024" ind2=" " ind1="8">
<subfield code="a">http://uvadoc.uva.es/handle/10324/24643</subfield>
</datafield>
<datafield tag="024" ind2=" " ind1="8">
<subfield code="a">88</subfield>
</datafield>
<datafield tag="024" ind2=" " ind1="8">
<subfield code="a">8</subfield>
</datafield>
<datafield tag="024" ind2=" " ind1="8">
<subfield code="a">114</subfield>
</datafield>
<datafield tag="024" ind2=" " ind1="8">
<subfield code="a">Antaria</subfield>
</datafield>
<datafield tag="024" ind2=" " ind1="8">
<subfield code="a">4</subfield>
</datafield>
<datafield ind1=" " ind2=" " tag="653">
<subfield code="a">Historia de la literatura</subfield>
</datafield>
<datafield ind1=" " ind2=" " tag="653">
<subfield code="a">Ecdótica</subfield>
</datafield>
<datafield tag="245" ind1="0" ind2="0">
<subfield code="a">De la fantasía y de sus monstruos. "El Sueño del Bosco"</subfield>
</datafield>
</record></metadata></record></GetRecord></OAI-PMH>